<?xml version="1.0" encoding="UTF-8"?>
<record
    xmlns:xsi="http://www.w3.org/2001/XMLSchema-instance"
    xsi:schemaLocation="http://www.loc.gov/MARC21/slim http://www.loc.gov/standards/marcxml/schema/MARC21slim.xsd"
    xmlns="http://www.loc.gov/MARC21/slim">

  <leader>03327cam a2200349 a 4500</leader>
  <datafield tag="999" ind1=" " ind2=" ">
    <subfield code="c">28507</subfield>
    <subfield code="d">28507</subfield>
  </datafield>
  <controlfield tag="001">15487958</controlfield>
  <controlfield tag="003">OSt</controlfield>
  <controlfield tag="005">20170308101324.0</controlfield>
  <controlfield tag="008">081017s2009    miua   j b    001 0 eng  </controlfield>
  <datafield tag="010" ind1=" " ind2=" ">
    <subfield code="a">  2008045341</subfield>
  </datafield>
  <datafield tag="020" ind1=" " ind2=" ">
    <subfield code="a">9780737743760 (hardcover)</subfield>
  </datafield>
  <datafield tag="020" ind1=" " ind2=" ">
    <subfield code="a">073774376X (hardcover)</subfield>
  </datafield>
  <datafield tag="020" ind1=" " ind2=" ">
    <subfield code="a">9780737743753 (pbk.)</subfield>
  </datafield>
  <datafield tag="020" ind1=" " ind2=" ">
    <subfield code="a">0737743751 (pbk.)</subfield>
  </datafield>
  <datafield tag="035" ind1=" " ind2=" ">
    <subfield code="a">(OCoLC)ocn262429665</subfield>
  </datafield>
  <datafield tag="040" ind1=" " ind2=" ">
    <subfield code="a">DLC</subfield>
    <subfield code="c">DLC</subfield>
    <subfield code="d">BTCTA</subfield>
    <subfield code="d">YDXCP</subfield>
    <subfield code="d">IMC</subfield>
    <subfield code="d">C#P</subfield>
    <subfield code="d">HNW</subfield>
    <subfield code="d">UPP</subfield>
    <subfield code="d">QBX</subfield>
    <subfield code="d">SHH</subfield>
    <subfield code="d">DLC</subfield>
  </datafield>
  <datafield tag="043" ind1=" " ind2=" ">
    <subfield code="a">n-us---</subfield>
  </datafield>
  <datafield tag="050" ind1="0" ind2="0">
    <subfield code="a">HD3861.U6</subfield>
    <subfield code="b">O93 2009</subfield>
  </datafield>
  <datafield tag="082" ind1="0" ind2="0">
    <subfield code="a">338.8/7</subfield>
    <subfield code="2">22</subfield>
  </datafield>
  <datafield tag="245" ind1="0" ind2="0">
    <subfield code="a">Outsourcing /</subfield>
    <subfield code="c">David M. Haugen, Susan Musser, and Kacy Lovelace, book editors.</subfield>
  </datafield>
  <datafield tag="260" ind1=" " ind2=" ">
    <subfield code="a">Detroit :</subfield>
    <subfield code="b">Greenhaven Press,</subfield>
    <subfield code="c">c2009.</subfield>
  </datafield>
  <datafield tag="300" ind1=" " ind2=" ">
    <subfield code="a">258 p. :</subfield>
    <subfield code="b">ill. ;</subfield>
    <subfield code="c">23 cm.</subfield>
  </datafield>
  <datafield tag="490" ind1="1" ind2=" ">
    <subfield code="a">Opposing viewpoints series</subfield>
  </datafield>
  <datafield tag="504" ind1=" " ind2=" ">
    <subfield code="a">Includes bibliographical references (p. 244-248) and index.</subfield>
  </datafield>
  <datafield tag="505" ind1="0" ind2=" ">
    <subfield code="a">What is the impact of offshore outsourcing on Americans? Offshore outsourcing will cost Americans jobs / Steven Greenhouse ; Offshore outsourcing will not cost Americans jobs / Brink Lindsey ; Offshore outsourcing has many economic benefits / Daniel T. Griswold and Dale D. Buss ; The economic benefits of outsourcing have been exaggerated / L. Josh Bivens ; History confirms that outsourcing fears are exaggerated / Milton Ezrati ; The problems of outsourcing are unprecedented / Alan S. Blinder -- What is the impact of outsourcing on national security? Outsourcing military duties to private contractors is problematic / Peter W. Singer ; Outsourcing military duties to private contractors is useful / Doug Brooks, Matan Chorev ; Outsourcing intelligence jobs to the private sector does not benefit the public / Tim Shorrock ; Outsourcing intelligence jobs to the private sector would benefit the public / Michael Rubin ; Outsourcing U.S. port operation is a national security risk / Michael E. O'Hanlon ; Outsourcing U.S. port operation is not a national security risk / James K. Glassman ; Outsourcing passport production is a risk to national security / Bill Gertz -- How should the government regulate outsourcing? Guest worker visa programs should be limited / Ron Hira ; Guest worker visa programs should be expanded / William H. Gates ; The Buy American Act should be strengthened / Russ Feingold ; State legislation restricting outsourcing is unconstitutional / Shannon Klinger and M. Lynn Sykes  -- What is the global impact of outsourcing? Lack of infrastructure is hampering India's outsourcing industry / Rebecca Fannin ; India is outsourcing outsourcing / Anand Giridharadas ; China has become a scapegoat for American outsourcing fears / Zachary Karabell ; Logistical problems and intellectual property theft increase costs of outsourcing to China / Alan S. Brown ; Outsourcing is transforming life in the Philippines / Audrey Carpio.</subfield>
  </datafield>
  <datafield tag="650" ind1=" " ind2="0">
    <subfield code="a">Contracting out</subfield>
    <subfield code="z">United States</subfield>
    <subfield code="v">Juvenile literature.</subfield>
  </datafield>
  <datafield tag="700" ind1="1" ind2=" ">
    <subfield code="a">Haugen, David M.,</subfield>
    <subfield code="d">1969-</subfield>
  </datafield>
  <datafield tag="700" ind1="1" ind2=" ">
    <subfield code="a">Musser, Susan.</subfield>
  </datafield>
  <datafield tag="700" ind1="1" ind2=" ">
    <subfield code="a">Lovelace, Kacy.</subfield>
  </datafield>
  <datafield tag="830" ind1=" " ind2="0">
    <subfield code="a">Opposing viewpoints series (Unnumbered)</subfield>
  </datafield>
  <datafield tag="906" ind1=" " ind2=" ">
    <subfield code="a">0</subfield>
    <subfield code="b">cbc</subfield>
    <subfield code="c">orignew</subfield>
    <subfield code="d">1</subfield>
    <subfield code="e">ecip</subfield>
    <subfield code="f">20</subfield>
    <subfield code="g">y-gencatlg</subfield>
  </datafield>
  <datafield tag="942" ind1=" " ind2=" ">
    <subfield code="2">lcc</subfield>
    <subfield code="c">BOOKS</subfield>
    <subfield code="h">HD 3861.U6 .O93 2009</subfield>
  </datafield>
  <datafield tag="952" ind1=" " ind2=" ">
    <subfield code="0">0</subfield>
    <subfield code="1">0</subfield>
    <subfield code="2">lcc</subfield>
    <subfield code="4">0</subfield>
    <subfield code="7">0</subfield>
    <subfield code="a">MUC</subfield>
    <subfield code="b">MUC</subfield>
    <subfield code="c">TECH</subfield>
    <subfield code="d">2017-03-08</subfield>
    <subfield code="e">Donation(BFA)</subfield>
    <subfield code="l">0</subfield>
    <subfield code="o">HD 3861.U6 .O93 2009</subfield>
    <subfield code="p">36436</subfield>
    <subfield code="r">2018-07-10</subfield>
    <subfield code="w">2017-03-08</subfield>
    <subfield code="y">BOOKS</subfield>
  </datafield>
</record>
